Statistiques concernant Les clubs de football qui ont la plus grande valeur

Cliquez ici pour prendre le quiz!

Statistiques générales

  • Ce quiz a été pris 1 534 fois
  • Le résultat moyen est 9 sur 10

Statistiques - réponses

Valeur (en milliards d'€)Club% Correct
3,25Real Madrid
99%
3,17Barcelone
98%
1,71Manchester City
95%
2,96Manchester United
95%
2,39Bayern Munich
93%
1,38Liverpool
92%
1,48Chelsea
90%
1,16Juventus
88%
1,80Arsenal
83%
0,909Tottenham Hotspur
61%

Distribution des résultats

Percentile par nombre de réponses

% des personnes avec chaque résultat

Votre développement - résultats

Vous n’avez pas pris ce quiz